000 00428nam a2200157Ia 4500
008 231221s9999 xx 000 0 und d
020 _a9790000000000
041 _aEnglish
082 _a651.4 VAR;1
100 _aVarinder Kumar.
245 0 _aBusiness communication : BBM 3rd semester students of bangalore university
250 _a2nd Rev ed
260 _c2007
_bKalyani
_aLudhiyana
300 _a9.18, 2
942 _cBM
999 _c212994
_d212994